15 Największych Miast Hiszpanii z Mapą - Statystyki

Ogólne statystyki
  • Ten quiz został rozwiązany 46 razy
    15 od ostatniego zresetowania
  • Średni wynik to 12 z 15
Odpowiedzi na mapie
Odpowiedzi zakodowano w zielono-czerwonej skali na mapie do tego quizu, zgodnie z poniższymi procentami.
 
Statystyki odpowiedzi
Miasto Populacja % Poprawnych
Barcelona 1,7 mln
100%
Madryt 3,4 mln
100%
Bilbao 350k
89%
Malaga 590k
89%
Murcja 470k
89%
Saragossa 690k
89%
Sewilla 690k
89%
Walencja 820k
89%
Alicante 360k
78%
Kordoba 320k
78%
Palma 440k
78%
Las Palmas de Gran Canaria 380k
67%
Vigo 300k
67%
Valladolid 300k
56%
L'Hospitalet de Llobregat 280k
33%
Nie znaleziono quizów pasujących do podanych kryteriów
Rozkład punktacji
Procent ludzi z każdym wynikiem
Percentyl według liczby udzielonych odpowiedzi
Twoja historia wyników
Nie rozwiązałeś tego quizu od ostatniego zresetowania